| 000 | 00443nam a2200157Ia 4500 | ||
|---|---|---|---|
| 008 | 210716s2006 xx 000 0 und d | ||
| 020 | _a0471469076 | ||
| 041 | _aeng | ||
| 082 | _a657.45 GOLT | ||
| 100 | _aGolden, Thomas W;Skalak, Steven L;Clayton, Mona M. | ||
| 245 | _aGuide to forensic accounting investigation. | ||
| 250 | _a1 | ||
| 260 |
_aNew Jersey _bJohn wiley & sons Ltd _c2006 |
||
| 300 | _axxii,554 | ||
| 650 | _aAccounting(657) | ||
| 999 |
_c201179 _d201179 |
||